000 00611nam a22002297a 4500
003 UA-OsUOA
001 95377
007 ta
008 20130227b un ||||| |||| 00| 0 ukr d
100 _aЕвтушенко В.
090 _a821.161.1
_bЕ27
942 _cBK
040 _aUA-OsUOA
_brus
_cUA-OsUOA
_dUA-OsUOA
245 _aБелогорские повести
300 _a304 с.
955 _a3
041 _arus
080 _a821.161.1
260 _aМ.
_bСоветская Россия
_c1985
650 7 _a82 Література. Літературознавство
_2UDC
999 _c381625
_d381625